[Event "Regionalliga Sued-Ost 1819"]
[Site "Bayern"]
[Date "2019.02.03"]
[Round "6.6"]
[White "Ebner, Johannes"]
[Black "Schneider, Roland"]
[Result "0-1"]
[WhiteElo "1761"]
[BlackElo "2072"]
[PlyCount "96"]
[EventDate "2018.10.21"]
[EventType "team-tourn"]
[EventRounds "9"]
[EventCountry "GER"]
[SourceTitle "EXT 2022"]
[Source "ChessBase"]
[SourceDate "2021.10.06"]
[SourceVersion "1"]
[SourceVersionDate "2021.10.06"]
[SourceQuality "1"]
[WhiteTeam "Grafenau"]
[BlackTeam "Passau II"]
[WhiteTeamCountry "GER"]
[BlackTeamCountry "GER"]

1. e4 c5 2. Nf3 d6 3. d4 cxd4 4. Nxd4 Nf6 5. Nc3 g6 6. Bd3 Bg7 7. Nde2 0-0 8. 0-0 Nc6 9. h3 a6 10. Be3 b5 11. a3 Bb7 12. Qc1 Rc8 13. Bh6 Ne5 14. Bxg7 Kxg7 15. Qe3 Nc4 16. Bxc4 Rxc4 17. f3 Qc7 18. Rfd1 Rc8 19. Rd2 Nd7 20. Nf4 Nb6 21. Nfd5 Bxd5 22. exd5 Qc5 23. Qxc5 R4xc5 24. Re1 Kf8 25. Rd3 a5 26. Rd4 Rb8 27. Re2 Rb7 28. Kf2 Nc4 29. Nd1 b4 30. axb4 Rxb4 31. b3 Nb6 32. Rxb4 axb4 33. Ne3 Nxd5 34. Nxd5 Rxd5 35. Ke1 Rd4 36. Re4 Rxe4+ 37. fxe4 f5 38. exf5 gxf5 39. Kd2 d5 40. Ke3 e5 41. g4 fxg4 42. hxg4 Ke7 43. Kd3 Ke6 44. Ke3 Kf6 45. Kd3 e4+ 46. Kd4 Ke6 47. c3 bxc3 48. Kxc3 e3 0-1

[Event "Niederbayernliga 1415"]
[Site "Bayern"]
[Date "2015.01.18"]
[Round "5.4"]
[White "Ebner, Johannes"]
[Black "Swierzy, David"]
[Result "1/2-1/2"]
[WhiteElo "1783"]
[BlackElo "1642"]
[PlyCount "36"]
[EventDate "2014.10.19"]
[EventType "team-tourn"]
[EventRounds "9"]
[EventCountry "GER"]
[SourceTitle "EXT 2023"]
[Source "ChessBase"]
[SourceDate "2022.10.05"]
[SourceVersion "1"]
[SourceVersionDate "2022.10.05"]
[SourceQuality "1"]
[WhiteTeam "Grafenau"]
[BlackTeam "Straubing SC"]
[WhiteTeamCountry "GER"]
[BlackTeamCountry "GER"]

1. d4 Nf6 2. c4 e6 3. Nc3 Bb4 4. Qb3 c5 5. dxc5 Na6 6. Bd2 0-0 7. e3 Qc7 8. Nf3 Rd8 9. Be2 Bxc3 10. Bxc3 Nxc5 11. Qc2 Nce4 12. Bb4 d5 13. Rc1 b6 14. 0-0 a5 15. Ba3 Ba6 16. cxd5 Qxc2 17. Rxc2 Bxe2 18. Rxe2 Nxd5 1/2-1/2

[Event "Niederbayernliga 1011"]
[Site "Germany"]
[Date "2011.01.16"]
[Round "5.6"]
[White "Foierl, Siegfried"]
[Black "Ebner, Johannes"]
[Result "1-0"]
[WhiteElo "1583"]
[BlackElo "1799"]
[PlyCount "83"]
[EventDate "2010.10.10"]
[EventType "team-tourn"]
[EventRounds "9"]
[EventCountry "GER"]
[SourceTitle "EXT 2012"]
[Source "ChessBase"]
[SourceDate "2011.11.24"]
[SourceVersion "1"]
[SourceVersionDate "2011.11.24"]
[SourceQuality "1"]
[WhiteTeam "Geiselhoering"]
[BlackTeam "Grafenau"]
[WhiteTeamCountry "GER"]
[BlackTeamCountry "GER"]

1. c4 e6 2. Nf3 Nf6 3. d4 d5 4. cxd5 exd5 5. Bf4 Nc6 6. Nc3 a6 7. e3 Bd6 8. Bxd6 Qxd6 9. a3 Bg4 10. Be2 0-0 11. 0-0 Rfe8 12. h3 Bh5 13. b4 Ne4 14. Rc1 Nxc3 15. Rxc3 Na7 16. Qb3 c6 17. a4 f6 18. Rfc1 Re7 19. Rc5 Rc8 20. b5 axb5 21. axb5 b6 22. R5c3 c5 23. Qa3 Qd7 24. dxc5 Nxb5 25. Bxb5 Qxb5 26. cxb6 Rxc3 27. Rxc3 Re8 28. Rb3 Qd7 29. b7 Rb8 30. Nd4 Be8 31. Qa6 Qc7 32. g3 Bd7 33. g4 h5 34. Kg2 hxg4 35. hxg4 Kf7 36. Rb1 Bxg4 37. Qc6 Qe5 38. f3 Rh8 39. Rh1 Rxh1 40. Kxh1 Qh5+ 41. Kg1 Bh3 42. Qc7+ 1-0

[Event "Niederbayernliga 0506"]
[Site "Germany"]
[Date "2006.??.??"]
[Round "5"]
[White "Ebner, Johannes"]
[Black "Feichtinger, Hans"]
[Result "1-0"]
[WhiteElo "1806"]
[BlackElo "1895"]
[PlyCount "104"]
[EventDate "2005.??.??"]
[EventType "team"]
[EventRounds "9"]
[EventCountry "GER"]
[SourceTitle "EXT 2008"]
[Source "ChessBase"]
[SourceDate "2007.11.25"]
[SourceVersion "1"]
[SourceVersionDate "2007.11.25"]
[SourceQuality "1"]
[WhiteTeam "Grafenau"]
[BlackTeam "Deggendorf II"]
[WhiteTeamCountry "GER"]
[BlackTeamCountry "GER"]

1. e4 e6 2. d4 d5 3. exd5 exd5 4. Nf3 Bd6 5. Nc3 c6 6. Bd3 Ne7 7. Ne2 0-0 8. Be3 Bf5 9. Ng3 Bxd3 10. Qxd3 Nd7 11. 0-0 h6 12. Nh4 Nf6 13. f4 Re8 14. Bd2 Qd7 15. Nf3 c5 16. c3 c4 17. Qc2 Qg4 18. Ne5 Qc8 19. Rf3 a5 20. a3 b5 21. Raf1 Qb7 22. h3 b4 23. axb4 axb4 24. Ng4 bxc3 25. Nxf6+ gxf6 26. bxc3 Qb3 27. Qc1 Kh7 28. Nh5 Ng8 29. Re1 Rxe1+ 30. Qxe1 Qc2 31. g4 Rb8 32. Kg2 Rb7 33. Rf2 Qd3 34. Ng3 Ne7 35. Rf3 Qc2 36. Qe3 Ng6 37. Nf5 Bf8 38. h4 Ne7 39. Ng3 Rb2 40. Rf2 Rb7 41. Nh5 Qg6 42. Kh3 f5 43. Qf3 fxg4+ 44. Qxg4 Qd3+ 45. Qg3 Qf5+ 46. Qg4 Qd3+ 47. Ng3 Rb2 48. Qe2 Qc2 49. f5 f6 50. Qe6 Qd3 51. Qf7+ Bg7 52. Bxh6 Kxh6 1-0

[Event "Niederbayernliga 0506"]
[Site "Germany"]
[Date "2006.??.??"]
[Round "6"]
[White "Ebner, Johannes"]
[Black "Goede, Andreas"]
[Result "0-1"]
[WhiteElo "1806"]
[BlackElo "1885"]
[PlyCount "50"]
[EventDate "2005.??.??"]
[EventType "team"]
[EventRounds "9"]
[EventCountry "GER"]
[SourceTitle "EXT 2008"]
[Source "ChessBase"]
[SourceDate "2007.11.25"]
[SourceVersion "1"]
[SourceVersionDate "2007.11.25"]
[SourceQuality "1"]
[WhiteTeam "Grafenau"]
[BlackTeam "Vilshofen"]
[WhiteTeamCountry "GER"]
[BlackTeamCountry "GER"]

1. d4 d5 2. c4 c6 3. Nc3 Nf6 4. Bg5 e6 5. e3 Bb4 6. Bxf6 Qxf6 7. a3 Bd6 8. cxd5 exd5 9. Nf3 0-0 10. Qc2 Re8 11. h3 Nd7 12. Bd3 Nf8 13. 0-0 Bxh3 14. Nh2 Bd7 15. g3 h5 16. Kg2 Qe6 17. Rh1 h4 18. Nf3 h3+ 19. Kh2 Qg4 20. Qe2 Ng6 21. Ng1 Qh4 22. f4 Nxf4 23. exf4 Rxe2+ 24. Ngxe2 Qe7 25. Rae1 g5 0-1

[Event "Niederbayernliga 0607"]
[Site "Germany"]
[Date "2006.??.??"]
[Round "1.3"]
[White "Kreilinger, Erich"]
[Black "Ebner, Johannes"]
[Result "1-0"]
[WhiteElo "1830"]
[BlackElo "1798"]
[PlyCount "107"]
[EventDate "2006.??.??"]
[EventType "team"]
[EventRounds "9"]
[EventCountry "GER"]
[SourceTitle "EXT 2008"]
[Source "ChessBase"]
[SourceDate "2007.11.25"]
[SourceVersion "1"]
[SourceVersionDate "2007.11.25"]
[SourceQuality "1"]
[WhiteTeam "Geiselhoering"]
[BlackTeam "Grafenau"]
[WhiteTeamCountry "GER"]
[BlackTeamCountry "GER"]

1. d4 Nf6 2. c4 e6 3. a3 d5 4. Nc3 Nbd7 5. e3 Be7 6. Bd3 0-0 7. Nf3 c6 8. b3 Qc7 9. Bb2 Re8 10. Rc1 dxc4 11. bxc4 Qa5 12. 0-0 Nf8 13. e4 Ng6 14. e5 Nd7 15. Re1 Ndf8 16. g3 Rd8 17. Qc2 Qc7 18. h4 Nh8 19. Ne4 h6 20. Qb3 Qd7 21. Nc3 g5 22. hxg5 hxg5 23. Ne4 Nh7 24. Bb1 Ng6 25. Rcd1 b6 26. Qe3 g4 27. Nh2 Nxe5 28. Qe2 Nf3+ 29. Nxf3 gxf3 30. Qxf3 f5 31. Nc3 Nf6 32. Ba2 Bb7 33. Qe3 Kf7 34. Ne2 Ng4 35. Qb3 c5 36. d5 exd5 37. cxd5 Bd6 38. f3 Nf6 39. Qc3 Nh5 40. Kf2 Rg8 41. Rh1 Ng7 42. Rh7 Raf8 43. Rxg7+ Rxg7 44. Qxg7+ Ke8 45. Qxd7+ Kxd7 46. Bc4 Rf7 47. f4 Rh7 48. Be5 a6 49. a4 Re7 50. Bxd6 Kxd6 51. Nc3 Rh7 52. Kg2 Bc8 53. Re1 Rb7 54. Bxa6 1-0

[Event "Niederbayernliga 0405"]
[Site "Germany"]
[Date "2004.??.??"]
[Round "3"]
[White "Fischer, Michael"]
[Black "Ebner, Johannes"]
[Result "1-0"]
[WhiteElo "2037"]
[BlackElo "1831"]
[PlyCount "105"]
[EventDate "2004.??.??"]
[EventType "team"]
[EventRounds "9"]
[EventCountry "GER"]
[SourceTitle "EXT 2008"]
[Source "ChessBase"]
[SourceDate "2007.11.25"]
[SourceVersion "1"]
[SourceVersionDate "2007.11.25"]
[SourceQuality "1"]
[WhiteTeam "Straubing"]
[BlackTeam "Grafenau"]
[WhiteTeamCountry "GER"]
[BlackTeamCountry "GER"]

1. Nf3 Nc6 2. c4 e6 3. Nc3 Nf6 4. d4 d5 5. Bg5 Be7 6. e3 0-0 7. a3 a6 8. b4 dxc4 9. Bxc4 Nd5 10. Bxe7 Ncxe7 11. Qb3 c6 12. 0-0 Nxc3 13. Qxc3 Nd5 14. Qb3 Qe7 15. e4 Nc7 16. Rfe1 Rd8 17. Rad1 b5 18. Bf1 Bb7 19. Qc3 f6 20. Nd2 Rac8 21. Nb3 Rd6 22. Nc5 Ba8 23. g3 Rdd8 24. Bh3 Re8 25. Nb3 Rcd8 26. Qc5 Qxc5 27. Nxc5 e5 28. dxe5 fxe5 29. Rxd8 Rxd8 30. Nd7 Re8 31. Rc1 Kf7 32. Rc5 Ne6 33. Nxe5+ Kf6 34. Bxe6 Rxe6 35. f4 Rd6 36. Kf2 Rd2+ 37. Ke3 Ra2 38. Rc3 Ke7 39. h4 h6 40. Kd4 Kd6 41. Nd3 Bb7 42. e5+ Kc7 43. f5 Rd2 44. Ke3 Rg2 45. Kf4 Bc8 46. e6 Rd2 47. Ne5 Rd4+ 48. Ke3 Rd5 49. Rxc6+ Kb7 50. Rc5 Rd8 51. Nf7 Rd1 52. Ke2 Rd4 53. Re5 1-0